<?xml version="1.0" encoding="UTF-8"?>
<record
    xmlns:xsi="http://www.w3.org/2001/XMLSchema-instance"
    xsi:schemaLocation="http://www.loc.gov/MARC21/slim http://www.loc.gov/standards/marcxml/schema/MARC21slim.xsd"
    xmlns="http://www.loc.gov/MARC21/slim">

  <leader>01096nas a2200277 a 4500</leader>
  <controlfield tag="005">20260116143536.0</controlfield>
  <controlfield tag="007">ta</controlfield>
  <controlfield tag="008">250120e2024    dr fu|p|r||||||0| ||spa d</controlfield>
  <datafield tag="022" ind1=" " ind2=" ">
    <subfield code="a">3060-9593</subfield>
  </datafield>
  <datafield tag="040" ind1=" " ind2=" ">
    <subfield code="a">DO-SdBNP</subfield>
    <subfield code="c">BNPHU</subfield>
    <subfield code="e">rda</subfield>
  </datafield>
  <datafield tag="041" ind1=" " ind2=" ">
    <subfield code="h">spa</subfield>
  </datafield>
  <datafield tag="110" ind1=" " ind2=" ">
    <subfield code="a">Uni&#xF3;n M&#xE9;dica del Norte</subfield>
    <subfield code="c">Santiago de los Caballeros, Rep&#xFA;blica Dominicana</subfield>
    <subfield code="9">86899</subfield>
  </datafield>
  <datafield tag="240" ind1=" " ind2=" ">
    <subfield code="a">Uni&#xF3;n &amp; Ciencia.</subfield>
  </datafield>
  <datafield tag="245" ind1=" " ind2=" ">
    <subfield code="a">Revista m&#xE9;dico-cient&#xED;fica /</subfield>
    <subfield code="c">Uni&#xF3;n M&#xE9;dica del Norte.</subfield>
  </datafield>
  <datafield tag="250" ind1=" " ind2=" ">
    <subfield code="a">Tercera edici&#xF3;n, diciembre 2024.</subfield>
  </datafield>
  <datafield tag="264" ind1=" " ind2=" ">
    <subfield code="a">Santiago de los Caballeros, Rep&#xFA;blica Dominicana : </subfield>
    <subfield code="b">Uni&#xF3;n M&#xE9;dica del Norte, </subfield>
    <subfield code="c">2024.</subfield>
  </datafield>
  <datafield tag="300" ind1=" " ind2=" ">
    <subfield code="a">volumen :  </subfield>
    <subfield code="b">ilustraciones, fotograf&#xED;as ; </subfield>
    <subfield code="c">27 cm.</subfield>
  </datafield>
  <datafield tag="310" ind1=" " ind2=" ">
    <subfield code="a">Semestral.</subfield>
  </datafield>
  <datafield tag="362" ind1=" " ind2=" ">
    <subfield code="a">Volumen 1. N&#xFA;mero 1. Enero-Junio de 2024.</subfield>
  </datafield>
  <datafield tag="500" ind1=" " ind2=" ">
    <subfield code="a">Domado por: Uni&#xF3;n M&#xE9;dica del Norte.</subfield>
  </datafield>
  <datafield tag="500" ind1=" " ind2=" ">
    <subfield code="a">&#xD3;rgano Oficial de Difusi&#xF3;n de Investigaci&#xF3;n en Salud.</subfield>
  </datafield>
  <datafield tag="650" ind1=" " ind2="0">
    <subfield code="a">Salud</subfield>
    <subfield code="v">Publicaciones peri&#xF3;dicas </subfield>
    <subfield code="9">1687</subfield>
  </datafield>
  <datafield tag="650" ind1=" " ind2="0">
    <subfield code="a">Medicina</subfield>
    <subfield code="9">12481</subfield>
    <subfield code="v">Publicaciones peri&#xF3;dicas </subfield>
  </datafield>
  <datafield tag="856" ind1=" " ind2=" ">
    <subfield code="u">https://clinicaunionmedica.com/union-ciencia-noviembre-2025/</subfield>
  </datafield>
  <datafield tag="942" ind1=" " ind2=" ">
    <subfield code="2">ddc</subfield>
    <subfield code="c">ISSUE</subfield>
  </datafield>
  <datafield tag="952" ind1=" " ind2=" ">
    <subfield code="0">0</subfield>
    <subfield code="1">0</subfield>
    <subfield code="2">ddc</subfield>
    <subfield code="4">0</subfield>
    <subfield code="5">6</subfield>
    <subfield code="7">0</subfield>
    <subfield code="8">SE</subfield>
    <subfield code="a">BNPHU</subfield>
    <subfield code="b">BNPHU</subfield>
    <subfield code="d">2025-01-20</subfield>
    <subfield code="h">Vol. 1. No. 1. Enero-Junio 2024</subfield>
    <subfield code="l">0</subfield>
    <subfield code="p">2025-0202</subfield>
    <subfield code="r">2025-01-20</subfield>
    <subfield code="t">e.1</subfield>
    <subfield code="w">2025-01-20</subfield>
    <subfield code="y">ISSUE</subfield>
    <subfield code="z">Donado por: Uni&#xF3;n M&#xE9;dica del Norte.</subfield>
  </datafield>
  <datafield tag="952" ind1=" " ind2=" ">
    <subfield code="0">0</subfield>
    <subfield code="1">0</subfield>
    <subfield code="2">ddc</subfield>
    <subfield code="4">0</subfield>
    <subfield code="5">6</subfield>
    <subfield code="7">0</subfield>
    <subfield code="8">SE</subfield>
    <subfield code="a">BNPHU</subfield>
    <subfield code="b">BNPHU</subfield>
    <subfield code="d">2025-01-20</subfield>
    <subfield code="h">Vol. 1. No. 1. Enero-Junio 2024</subfield>
    <subfield code="l">0</subfield>
    <subfield code="p">2025-0203</subfield>
    <subfield code="r">2025-01-20</subfield>
    <subfield code="t">e.2</subfield>
    <subfield code="w">2025-01-20</subfield>
    <subfield code="y">ISSUE</subfield>
    <subfield code="z">Donado por: Uni&#xF3;n M&#xE9;dica del Norte.</subfield>
  </datafield>
  <datafield tag="952" ind1=" " ind2=" ">
    <subfield code="0">0</subfield>
    <subfield code="1">0</subfield>
    <subfield code="2">ddc</subfield>
    <subfield code="4">0</subfield>
    <subfield code="5">6</subfield>
    <subfield code="7">0</subfield>
    <subfield code="8">SE</subfield>
    <subfield code="a">BNPHU</subfield>
    <subfield code="b">BNPHU</subfield>
    <subfield code="d">2025-01-20</subfield>
    <subfield code="h">Vol. 1. No. 1. Enero-Junio 2024</subfield>
    <subfield code="l">0</subfield>
    <subfield code="p">2025-0204</subfield>
    <subfield code="r">2025-01-20</subfield>
    <subfield code="t">e.3</subfield>
    <subfield code="w">2025-01-20</subfield>
    <subfield code="y">ISSUE</subfield>
    <subfield code="z">Donado por: Uni&#xF3;n M&#xE9;dica del Norte.</subfield>
  </datafield>
  <datafield tag="952" ind1=" " ind2=" ">
    <subfield code="0">0</subfield>
    <subfield code="1">0</subfield>
    <subfield code="2">ddc</subfield>
    <subfield code="4">0</subfield>
    <subfield code="5">6</subfield>
    <subfield code="7">0</subfield>
    <subfield code="8">SE</subfield>
    <subfield code="a">BNPHU</subfield>
    <subfield code="b">BNPHU</subfield>
    <subfield code="d">2026-01-16</subfield>
    <subfield code="h">Vol. 2. No. 2. Enero-Diciembre 2025</subfield>
    <subfield code="l">0</subfield>
    <subfield code="p">2026-0097</subfield>
    <subfield code="r">2026-01-16</subfield>
    <subfield code="t">e.1</subfield>
    <subfield code="w">2026-01-16</subfield>
    <subfield code="y">ISSUE</subfield>
    <subfield code="z">Donado por: Uni&#xF3;n M&#xE9;dica del Norte.</subfield>
  </datafield>
  <datafield tag="952" ind1=" " ind2=" ">
    <subfield code="0">0</subfield>
    <subfield code="1">0</subfield>
    <subfield code="2">ddc</subfield>
    <subfield code="4">0</subfield>
    <subfield code="5">6</subfield>
    <subfield code="7">0</subfield>
    <subfield code="8">SE</subfield>
    <subfield code="a">BNPHU</subfield>
    <subfield code="b">BNPHU</subfield>
    <subfield code="d">2026-01-16</subfield>
    <subfield code="h">Vol. 2. No. 2. Enero-Diciembre 2025</subfield>
    <subfield code="l">0</subfield>
    <subfield code="p">2026-0098</subfield>
    <subfield code="r">2026-01-16</subfield>
    <subfield code="t">e.2</subfield>
    <subfield code="w">2026-01-16</subfield>
    <subfield code="y">ISSUE</subfield>
    <subfield code="z">Donado por: Uni&#xF3;n M&#xE9;dica del Norte.</subfield>
  </datafield>
  <datafield tag="952" ind1=" " ind2=" ">
    <subfield code="0">0</subfield>
    <subfield code="1">0</subfield>
    <subfield code="2">ddc</subfield>
    <subfield code="4">0</subfield>
    <subfield code="5">6</subfield>
    <subfield code="7">0</subfield>
    <subfield code="8">SE</subfield>
    <subfield code="a">BNPHU</subfield>
    <subfield code="b">BNPHU</subfield>
    <subfield code="d">2026-01-16</subfield>
    <subfield code="h">Vol. 2. No. 2. Enero-Diciembre 2025</subfield>
    <subfield code="l">0</subfield>
    <subfield code="p">2026-0099</subfield>
    <subfield code="r">2026-01-16</subfield>
    <subfield code="t">e.3</subfield>
    <subfield code="w">2026-01-16</subfield>
    <subfield code="y">ISSUE</subfield>
    <subfield code="z">Donado por: Uni&#xF3;n M&#xE9;dica del Norte.</subfield>
  </datafield>
  <datafield tag="999" ind1=" " ind2=" ">
    <subfield code="c">58073</subfield>
    <subfield code="d">58073</subfield>
  </datafield>
</record>
